000 01040nam0a22002891 4500
001 rc\360050
005 20030307123222.2
010 _a5-07-000426-3
_9151191
035 _a(NLR Aleph) 005585542
090 _a6157634
_c6157634
100 _a20030307d1989 u |0rusy50 ca
101 0 _arus
102 _aRU
105 _ay |||||||||
200 1 _aГнойничковые заболевания кожи
_fР.Ф. Федоровская, А.М. Бухарович, В.К. Патратий
210 _aМ.
_cЗнание
_d1989
215 _a62, [2] с.
_d20
225 1 _aНовое в жизни, науке, технике
_iМедицина
_v1/1989
320 _aБиблиогр.: с. 63
700 1 _aФедоровская
_bР. Ф.
_gРимма Федоровна
701 1 _aБухарович
_bА. М.
_gАлла Михайловна
701 1 _aПатратий
_bВ. К.
_gВладимир Кузьмич
801 0 _aRU
_bNLR
_gpsbo
801 1 _aRU
_bELAR
_2rusmarc
852 _aNLR
_j89-4/5609
942 _cBOOK
980 _aNB